Category Elimination - Taskmaster Contestants - Statistics

General Stats
  • This quiz has been taken 832 times
  • The average score is 11 of 20
Answer Stats
Group # Category % Correct
Green 45 Series was odd-numbered
98%
Green 22 Scored 150+
90%
Orange 36 Sat in one of the first two chairs
78%
Green 9 In a team of 2
76%
Blue 36 Woman
69%
Blue 17 Age 40+ (on show)
66%
Orange 15 Lowest episode score of 10+
61%
Purple 49 Won 2+ episodes
61%
Purple 29 Younger than 50 (now)
60%
Green 3 Wore a suit (in filmed tasks)
57%
Blue 13 Had 0 or 1 episode titles
57%
Purple 13 Series was on Dave
52%
Purple 4 Won their series
49%
Blue 3 Surname starts with P
47%
Green 1 Scottish Frankie Boyle
47%
Orange 9 Shorter than 6'
45%
Orange 3 Irish
40%
Purple 1 First name starts with a vowel Ed Gamble
36%
Orange 1 Scored 0 points 5+ times Aisling Bea
30%
Blue 1 Finished last in their series Katherine Parkinson
29%
No matching quizzes found
Score Distribution
Percent of People with Each Score
Percentile by Number Answered
Your Score History
You have not taken this quiz